Marvel - noms - Statistiques

Statistiques générales
  • Ce quiz a été pris 75 fois
  • Le résultat moyen est 9 sur 16
Statistiques - réponses
Nom de super héro Vrai nom % Correct
Iron Man Tony Stark
98%
Hulk Bruce Banner
89%
Spider-Man Peter Parker
88%
Captain America Steve Rogers
86%
Black Widow Natasha Romanoff
69%
Black Panther T'Challa
56%
Scarlet Witch Wanda Maximoff
56%
Le soldat de l'hiver Bucky Barnes
52%
Hawkeye Clint Barton
52%
Star-Lord Peter Quill
47%
Doctor Strange Stephen Strange
42%
Falcon Sam Wilson
39%
Captain Marvel Carol Danvers
34%
Ant-Man Scott Lang
33%
Deadpool Wade Wilson
25%
La guêpe Hope Van Dyne
17%
Aucun quiz correspondant
Distribution des résultats
% des personnes avec chaque résultat
Percentile par nombre de réponses
Votre historique - résultats
Vous n’avez pas pris ce quiz